Dissertation abstracts: a compendium, 2002-05 (Record no. 504087)

000 -LEADER
fixed length control field 00414cam a22001097a 4500
008 - FIXED-LENGTH DATA ELEMENTS--GENERAL INFORMATION
fixed length control field 180718b2008 xxu||||| |||| 00| 0 eng d
100 ## - MAIN ENTRY--PERSONAL NAME
Personal name Indian institute of management
245 ## - TITLE STATEMENT
Title Dissertation abstracts: a compendium, 2002-05
Statement of responsibility, etc. by Indian institute of management
260 ## - PUBLICATION, DISTRIBUTION, ETC.
Place of publication, distribution, etc. Bangalore
Name of publisher, distributor, etc. Indian institute of management
Date of publication, distribution, etc. 2008
300 ## - PHYSICAL DESCRIPTION
Extent 176p.
650 ## - SUBJECT ADDED ENTRY--TOPICAL TERM
Topical term or geographic name entry element Post gradute programme in public policy and management
Holdings
Withdrawn status Lost status Damaged status Not for loan Permanent Location Current Location Date acquired Barcode Date last seen Price effective from Koha item type
        Indian Institute of Public Administration Indian Institute of Public Administration 2018-08-04 GR20527 2018-08-04 2018-08-04 GR

Powered by Koha